African Nations with Largest White Populations - Statistics

General Stats
  • This quiz has been taken 4,630 times
  • The average score is 7 of 10
Answer Stats
%White Country % Correct
9.6% South Africa
100%
1.7% Kenya
77%
1.1% Zimbabwe
75%
7% Botswana
69%
1.0% Tanzania
68%
0.6% Nigeria
67%
3% Angola
65%
1.6% Ghana
53%
0.9% Senegal
42%
2.8% Ivory Coast
39%
No matching quizzes found
Score Distribution
Percent of People with Each Score
Percentile by Number Answered
Your Score History
You have not taken this quiz